000 00509nam a2200169Ia 4500
008 090711s9999 xx 000 0 und d
082 _b37382
100 _aप्रभुदेसाई बाळउाgऎष्ण
245 _aजहाज
260 _c1977
300 _a170
600 _aप्रभुदेसाई बाळउाgऎष्ण
630 _aजहाज
700 _aप्रभुदेसाई बाळउाgऎष्ण
730 _aजहाज
942 _cBOOK
999 _c305302
_d305302